<?xml version="1.0" encoding="UTF-8"?>
<record
    xmlns:xsi="http://www.w3.org/2001/XMLSchema-instance"
    xsi:schemaLocation="http://www.loc.gov/MARC21/slim http://www.loc.gov/standards/marcxml/schema/MARC21slim.xsd"
    xmlns="http://www.loc.gov/MARC21/slim">

  <leader>00855nam a22002177a 4500</leader>
  <controlfield tag="005">20200104041631.0</controlfield>
  <controlfield tag="008">150108b2006    ck ||  |r|||| 00| 0 spa d</controlfield>
  <datafield tag="040" ind1=" " ind2=" ">
    <subfield code="a">CO-BoIAVH</subfield>
    <subfield code="c">CO-BoIAVH</subfield>
  </datafield>
  <datafield tag="041" ind1=" " ind2=" ">
    <subfield code="a">spa</subfield>
  </datafield>
  <datafield tag="044" ind1=" " ind2=" ">
    <subfield code="a">ck</subfield>
  </datafield>
  <datafield tag="090" ind1=" " ind2=" ">
    <subfield code="a">EA</subfield>
    <subfield code="b">00227</subfield>
  </datafield>
  <datafield tag="245" ind1=" " ind2=" ">
    <subfield code="a">Explorando el Planeta :</subfield>
    <subfield code="b">El Gran Oso Blanco </subfield>
  </datafield>
  <datafield tag="260" ind1=" " ind2=" ">
    <subfield code="a">Bogot&#xE1; D.C :</subfield>
    <subfield code="b">Chig&#xFC;iros Editores S.A,</subfield>
    <subfield code="b">Fernando Mazuera y Cia S.A, </subfield>
    <subfield code="b">Porvenir, </subfield>
    <subfield code="b">Alfaguara Infantil y Juvenil,</subfield>
    <subfield code="c">2006</subfield>
  </datafield>
  <datafield tag="300" ind1=" " ind2=" ">
    <subfield code="a">34 pag</subfield>
    <subfield code="b">Il, fot (col)</subfield>
    <subfield code="c">27 cm</subfield>
  </datafield>
  <datafield tag="490" ind1=" " ind2=" ">
    <subfield code="a">Explorando el Planeta</subfield>
    <subfield code="v">N&#xB0; 9</subfield>
  </datafield>
  <datafield tag="650" ind1=" " ind2=" ">
    <subfield code="a">Educaci&#xF3;n Ambiental </subfield>
    <subfield code="9">162</subfield>
  </datafield>
  <datafield tag="650" ind1=" " ind2="6">
    <subfield code="a">Osos Polares </subfield>
    <subfield code="x">H&#xE1;bitos y conducta</subfield>
    <subfield code="x">Cr&#xED;a y desarrollo</subfield>
    <subfield code="x">Distribuci&#xF3;n geogr&#xE1;fica</subfield>
    <subfield code="x">Especies en peligro</subfield>
    <subfield code="9">31089</subfield>
  </datafield>
  <datafield tag="650" ind1=" " ind2="6">
    <subfield code="a">San Petersburgo (Rusia)</subfield>
    <subfield code="x">Historia </subfield>
    <subfield code="x">Cultura </subfield>
    <subfield code="x">Vida Social y Costumbres</subfield>
    <subfield code="9">31090</subfield>
  </datafield>
  <datafield tag="650" ind1=" " ind2=" ">
    <subfield code="a">Juegos Educativos </subfield>
    <subfield code="9">31019</subfield>
  </datafield>
  <datafield tag="942" ind1=" " ind2=" ">
    <subfield code="2">z</subfield>
    <subfield code="c">REVISTA</subfield>
  </datafield>
  <datafield tag="999" ind1=" " ind2=" ">
    <subfield code="c">8920</subfield>
    <subfield code="d">8920</subfield>
  </datafield>
  <datafield tag="952" ind1=" " ind2=" ">
    <subfield code="0">0</subfield>
    <subfield code="1">0</subfield>
    <subfield code="2">z</subfield>
    <subfield code="4">0</subfield>
    <subfield code="7">0</subfield>
    <subfield code="8">EDUAMBIENT</subfield>
    <subfield code="I">INV2017</subfield>
    <subfield code="a">Venado</subfield>
    <subfield code="b">Venado</subfield>
    <subfield code="d">2015-01-08</subfield>
    <subfield code="l">0</subfield>
    <subfield code="o">EA-00227</subfield>
    <subfield code="p">034917</subfield>
    <subfield code="r">2015-01-08 00:00:00</subfield>
    <subfield code="t">V.9 Ej.1</subfield>
    <subfield code="w">2015-01-08</subfield>
    <subfield code="x">Donaci&#xF3;n</subfield>
    <subfield code="y">REVISTA</subfield>
  </datafield>
</record>
